Correspondencia comercial / (Record no. 22672)
[ view plain ]
| 000 -CABECERA | |
|---|---|
| campo de control de longitud fija | 00743nam a2200217 a 4500 |
| 001 - NÚMERO DE CONTROL | |
| campo de control | 000023175 |
| 005 - FECHA Y HORA DE LA ÚLTIMA TRANSACCIÓN | |
| campo de control | 20200930022034.0 |
| 008 - DATOS DE LONGITUD FIJA--INFORMACIÓN GENERAL | |
| campo de control de longitud fija | 101129s1972 mx r 000 | spa d |
| 040 ## - FUENTE DE LA CATALOGACIÓN | |
| Centro catalogador/agencia de origen | DO-SdBNP |
| Lengua de catalogación | spa |
| Centro/agencia transcriptor | BNPHU |
| 082 ## - NÚMERO DE LA CLASIFICACIÓN DECIMAL DEWEY | |
| Número de clasificación | 651.75 |
| Número de documento/Ítem | A638c, 1972 |
| 049 ## - FONDOS LOCALES (OCLC) | |
| Fondos de biblioteca | BNGR |
| 100 1# - ENTRADA PRINCIPAL--NOMBRE DE PERSONA | |
| Nombre de persona | Añorga Larralde, Joaquín |
| 9 (RLIN) | 47713 |
| 245 10 - MENCIÓN DE TÍTULO | |
| Título | Correspondencia comercial / |
| Mención de responsabilidad, etc. | Joaquín Añorga Larralde. |
| 250 ## - MENCIÓN DE EDICIÓN | |
| Mención de edición | 3a ed. |
| 260 ## - PUBLICACIÓN, DISTRIBUCIÓN, ETC. | |
| Lugar de publicación, distribución, etc. | New York : |
| Nombre del editor, distribuidor, etc. | Minerva Books, |
| Fecha de publicación, distribución, etc. | 1972. |
| 300 ## - DESCRIPCIÓN FÍSICA | |
| Extensión | 223 p. ; |
| Dimensiones | 22 cm. |
| 500 ## - NOTA GENERAL | |
| Nota general | Texto útil para los profesores, los estudiantes, las secretarias, los corresponsales comerciales |
| 500 ## - NOTA GENERAL | |
| Nota general | Incluye índice de termionología mercantil. |
| 650 #4 - PUNTO DE ACCESO ADICIONAL DE MATERIA--TÉRMINO DE MATERIA | |
| Término de materia o nombre geográfico como elemento de entrada | Correspondencia comercial |
| 9 (RLIN) | 38389 |
| 650 #4 - PUNTO DE ACCESO ADICIONAL DE MATERIA--TÉRMINO DE MATERIA | |
| Término de materia o nombre geográfico como elemento de entrada | Arte epistolar |
| 9 (RLIN) | 44300 |
| Estado de retiro | Estado de pérdida | Restricciones de uso | No para préstamo | Código de colección | Localización permanente | Ubicación/localización actual | Ubicación en estantería | Fecha de adquisición | Número de inventario | Total de préstamos | Signatura topográfica completa | Código de barras | Fecha visto por última vez | Precio válido a partir de | Tipo de ítem Koha | Número de copia |
|---|---|---|---|---|---|---|---|---|---|---|---|---|---|---|---|---|
| Excluido de préstamo | Monografías: Libros y Folletos | General | General | En catalogación | 29.11.2010 | LF1 | 651.75 A638c, 1972 | 23175-10 | 25.06.2020 | 25.06.2020 | No se presta | |||||
| Excluido de préstamo | Monografías: Libros y Folletos | General | General | En catalogación | 15.12.2010 | LF1 | 651.75 A638c, 1972 | 23175-20 | 25.06.2020 | 25.06.2020 | No se presta | e. 2 | ||||
| Excluido de préstamo | Monografías: Libros y Folletos | General | General | En catalogación | 17.01.2011 | LF1 | 651.75 A638c, 1972 | 23175-30 | 25.06.2020 | 25.06.2020 | No se presta | e. 3 |
